Music Quiz

Random Music or Album Quiz

Quick Pick: White Lion Albums Quiz Stats

Quiz not verified by Sporcle

Challenge
Share
Tweet
Embed
Score 0/12 Timer 01:00
0 Plays Today
% Correct
Pride
50%
Fight to Survive
45.8%
Fight to Survive
45.8%
Fight to Survive
45.8%
Pride
45.8%
Big Game
37.5%
Big Game
33.3%
Mane Attraction
29.2%
Mane Attraction
29.2%
Mane Attraction
29.2%
Big Game
25%
Big Game
25%

You're not logged in!

Compare scores with friends on all Sporcle quizzes.
Sign Up with Email
OR
Log In

You Might Also Like...

Show Comments

Extras

Top Quizzes Today


Score Distribution

Your Account Isn't Verified!

In order to create a playlist on Sporcle, you need to verify the email address you used during registration. Go to your Sporcle Settings to finish the process.

Report this User

Report this user for behavior that violates our Community Guidelines.

Details: